000 00843nam a2200241 4500
003 CBULib
005 20240216124207.0
008 240216b |||||||| |||| 00| 0 eng d
040 _aCBULib
_bEnglish
_cCBULib
_erda
041 _aeng
050 _aCBU(058)GC/2008
110 _aThe Copperbelt University(CBU)
245 _aThe Copperbelt University: 17th graduation ceremony
_c/ by The Copperbelt University(CBU)
260 _aKitwe :
_bThe Copperbelt University
_c2008
300 _a49 pages : illustrations
336 _2rdacontent
_aText |
_btxt
337 _2rdamedia
_aUnmediated |
_bn
338 _2rdacarrier
_aVolume
_bnc
650 _aCOPPERBELT UNIVERSITY--GRADUATION CEREMONIES
650 _aCOPPERBELT UNIVERSITY--ANNUAL REPORTS
650 _aGRADUATION CEREMONIES | UNIVERSITIES AND COLLEGES--ZAMBIA
942 _2mc
_c030
999 _c84742
_d84742